Т. 107, вып. 11: Электронный ресурс; Письма в Журнал экспериментальной и теоретической физики

Bibliografiska uppgifter
Parent link:Письма в Журнал экспериментальной и теоретической физики: научно-теоретический журнал/ Российская академия наук. Т. 107, вып. 11.— , 1970-
Språk:ryska
Publicerad: 2018
Länkar:http://www.mathnet.ru/php/contents.phtml?wshow=issue&jrnid=jetpl&series=0&year=2018&volume=107&volume_alt=&issue=11&issue_alt=&option_lang=rus
Materialtyp: Elektronisk Bok
KOHA link:https://koha.lib.tpu.ru/cgi-bin/koha/opac-detail.pl?biblionumber=580637

MARC

LEADER 00000nam2a2200000 4500
001 580637
005 20231101130624.0
035 |a (RuTPU)RU\TPU\prd\280380 
035 |a RU\TPU\prd\277483 
090 |a 580637 
100 |a 20180927a19659999k y0rusy50 ca 
101 0 |a rus 
102 |a RU 
200 0 |a Т. 107, вып. 11  |e Электронный ресурс 
210 |d 2018 
461 1 |0 (RuTPU)RU\TPU\prd\1483  |t Письма в Журнал экспериментальной и теоретической физики  |o научно-теоретический журнал  |f Российская академия наук  |v Т. 107, вып. 11  |d 1970- 
801 0 |a RU  |b 63413507  |c 20010227  |g PSBO 
801 1 |a RU  |b 63413507  |c 20170713 
801 2 |a RU  |b 63413507  |c 20230111  |g RCR 
856 4 0 |u http://www.mathnet.ru/php/contents.phtml?wshow=issue&jrnid=jetpl&series=0&year=2018&volume=107&volume_alt=&issue=11&issue_alt=&option_lang=rus 
942 |c BK